[Event "FIDE World Uni Rapid-F 1st"]
[Site "Tornelo INT"]
[Date "2021.03.20"]
[Round "3"]
[White "Elbaz, Ahmed"]
[Black "Fierro Jaquez, Carlos Jahi"]
[Result "0-1"]
[WhiteElo "2078"]
[BlackElo "1833"]
[PlyCount "36"]
[EventDate "2021.03.20"]
[EventType "swiss (rapid)"]
[EventRounds "12"]
[EventCountry "NET"]
[SourceTitle "EXT 2022"]
[Source "ChessBase"]
[SourceDate "2021.10.06"]
[SourceVersion "1"]
[SourceVersionDate "2021.10.06"]
[SourceQuality "1"]

1. e4 c5 2. Nf3 e6 3. Nc3 Nc6 4. Bc4 a6 5. a3 Qc7 6. 0-0 b5 7. Ba2 Bb7 8. Re1 Nf6 9. e5 Ng4 10. Qe2 Be7 11. h3 Nh6 12. d3 Nf5 13. Be3 Nxe5 14. Nxe5 Qxe5 15. Bd2 Qxe2 16. Rxe2 Nd4 17. Re3 Nxc2 18. Rg3 Nxa1 0-1

[Event "Tanta op 5th"]
[Site "Tanta"]
[Date "2002.05.16"]
[Round "4"]
[White "Elbaz, Ahmed"]
[Black "Abdel Razik, Khaled"]
[Result "1/2-1/2"]
[WhiteElo "2120"]
[BlackElo "2356"]
[PlyCount "80"]
[EventDate "2002.05.13"]
[EventType "swiss"]
[EventRounds "9"]
[EventCountry "EGY"]
[SourceTitle "CBM 088 Extra"]
[Source "ChessBase"]
[SourceDate "2002.07.01"]
[SourceVersion "2"]
[SourceVersionDate "2002.07.01"]
[SourceQuality "1"]

1. e4 e6 2. d4 d5 3. exd5 exd5 4. Bd3 Nc6 5. c3 Bd6 6. Ne2 Qh4 7. Na3 a6 8. Nc2 Nge7 9. g3 Qh3 10. Nf4 Bxf4 11. Bxf4 Qg2 12. Rf1 Qxh2 13. Qf3 h5 14. Ne3 Bg4 15. Nxg4 hxg4 16. Qxg4 Qh5 17. Qxh5 Rxh5 18. Bxc7 Kd7 19. Bf4 Rh2 20. Ke2 Ng6 21. Bf5+ Ke7 22. Bxg6 fxg6 23. Rh1 Rah8 24. Rxh2 Rxh2 25. Kf3 Kf7 26. b4 Rh8 27. a4 Rc8 28. Ke2 Na7 29. Kd3 Rc4 30. g4 Nc6 31. a5 Na7 32. Re1 Nb5 33. Bd2 Rc8 34. Re5 Rd8 35. Bg5 Rd7 36. f3 Na3 37. Re2 Nc4 38. Bf4 Rd8 39. Bg5 Rd7 40. Bf4 Rd8 1/2-1/2

[Event "Tanta op 5th"]
[Site "Tanta"]
[Date "2002.05.13"]
[Round "1"]
[White "Krivoshey, Sergei"]
[Black "Elbaz, Ahmed"]
[Result "1-0"]
[WhiteElo "2472"]
[BlackElo "2120"]
[PlyCount "63"]
[EventDate "2002.05.13"]
[EventType "swiss"]
[EventRounds "9"]
[EventCountry "EGY"]
[SourceTitle "CBM 088 Extra"]
[Source "ChessBase"]
[SourceDate "2002.07.01"]
[SourceVersion "2"]
[SourceVersionDate "2002.07.01"]
[SourceQuality "1"]

1. d4 d5 2. c4 e6 3. Nc3 Nf6 4. cxd5 exd5 5. Bg5 Be7 6. e3 0-0 7. Bd3 b6 8. Bxf6 Bxf6 9. Qh5 g6 10. Qxd5 Bd7 11. Qxa8 Bc6 12. Qxa7 Bxg2 13. Be4 Bxe4 14. Nxe4 Bg7 15. Ne2 Re8 16. N4c3 c6 17. 0-0-0 b5 18. Ng3 Qc8 19. Nge4 Rd8 20. Nc5 Qf5 21. Qc7 Rc8 22. Qf4 Qh5 23. N3e4 Qe2 24. h4 b4 25. Nd6 Rf8 26. h5 Na6 27. Rd2 Nxc5 28. Rxe2 Nd3+ 29. Kd2 Nxf4 30. exf4 Bxd4 31. f5 Kg7 32. Re8 1-0